Los juegos de la noche

Saved in:
Bibliografiske detaljer
Hovedforfatter: Cabanis, José (Author)
Format: Bog
Sprog:spansk
Udgivet: Santiago Zig-Zag 1968
Serier:Narradores Europeos
Fag:
Tags: Tilføj Tag
Ingen Tags, Vær først til at tagge denne postø!

MARC

LEADER 00000nam a2200000 a 4500
001 UCX2650
003 CL-VaPUC
008 910716e19680000CL |||||||||||||||||spa|d
082 0 4 |a 843  |b CAB  |2 21 
100 0 |a Cabanis, José  |e author  |9 318685 
245 1 4 |a Los juegos de la noche 
300 |a 110 p 
942 |c BK 
945 |d 19910716 00:00:00 
260 |a Santiago  |b Zig-Zag  |c 1968 
650 0 |a Novela francesa  |9 264985 
583 |a last modification  |c 19910716 00:00:00  |k Rodrigo Vera 
490 0 |a Narradores Europeos 
999 |c 223626  |d 223624 
952 |0 0  |1 0  |4 0  |6 843_000000000000000_CAB_1968  |7 0  |8 A  |9 219626  |a BIBEDU  |b BIBEDU  |d 2019-11-15  |i 2883112  |o 843 CAB 1968  |p 2883112  |r 2019-11-15  |w 2019-11-15  |y BK  |k LIT